Central Library OPAC University of Rajshahi

The jurisprudence of Holland / (Record no. 45912)

MARC details
000 -LEADER
fixed length control field 00870nam a2200253ua 4500
001 - CONTROL NUMBER
control field 45912
003 - CONTROL NUMBER IDENTIFIER
rucl marc code BD-RjUL
005 - DATE AND TIME OF LATEST TRANSACTION
control field 20211209054102.0
008 - FIXED-LENGTH DATA ELEMENTS--GENERAL INFORMATION
fixed length control field 16-728s 1936enkac 001 0 eng
035 ## - SYSTEM CONTROL NUMBER
System control number (BD-RjUL)46030
040 ## - CATALOGING SOURCE
Original cataloging agency DLC
Transcribing agency CarP
Modifying agency BD-RjUL
Language of cataloging eng
041 ## - LANGUAGE CODE
Language code of text/sound track or separate title eng
082 ## - DEWEY DECIMAL CLASSIFICATION NUMBER
Edition number 23
Classification number 340.56
Author mark and year GRJ 1936
100 1# - MAIN ENTRY--PERSONAL NAME
Personal name Grotius, Hugo
Dates associated with a name 1583-1645.
9 (RLIN) 138536
245 14 - TITLE STATEMENT
Title The jurisprudence of Holland /
Statement of responsibility, etc. by Hugo Grotius.
260 ## - PUBLICATION, DISTRIBUTION, ETC. (IMPRINT)
Place of publication, distribution, etc. Oxford :
Name of publisher, distributor, etc. Clarendon Press,
Date of publication, distribution, etc. 1936
300 ## - PHYSICAL DESCRIPTION
Pagination 2 v. ;
Illustrations ill. ;
Size 23 cm.
500 ## - GENERAL NOTE
General note "The text translated with brief notes and a commentary by R. W. Lee."
505 0# - FORMATTED CONTENTS NOTE
Formatted contents note vol. 1. Text translation and notes -- vol. 2. Commentary.
650 #0 - SUBJECT ADDED ENTRY--TOPICAL TERM
Topical term or geographic name as entry element Jurisprudence
Geographic subdivision Netherlands.
9 (RLIN) 140404
700 1# - ADDED ENTRY--PERSONAL NAME
Personal name Lee, R. W.
Fuller form of name (Robert Warden),
Dates associated with a name 1868-1958.
942 ## - ADDED ENTRY ELEMENTS (KOHA)
Source of classification or shelving scheme Dewey Decimal Classification
Koha item type Books
Holdings
Lost status Source of classification or shelving scheme Damaged status Not for loan Collection code Permanent Location Current Location Shelving location Date acquired Source of acquisition Cost, normal purchase price Total Checkouts Full call number Date last seen Copy number Koha item type
  Dewey Decimal Classification     Non-fiction Central Library, University of Rajshahi Central Library, University of Rajshahi   26/07/1955 O.U.P 21.00   340.56 GRJ V-2 1936 28/07/2016 C-2 Books
  Dewey Decimal Classification     Non-fiction Central Library, University of Rajshahi Central Library, University of Rajshahi   05/08/1955 O.U.P. 15.00   340.56 GRJ V-2 1936 30/07/2016 C-3 Books
  Dewey Decimal Classification     Non-fiction Central Library, University of Rajshahi Central Library, University of Rajshahi   05/08/1055 O.U.P. 21.00   340.56 GRJ V-1 1936 30/07/2016 C-5 Books
  Dewey Decimal Classification     Non-fiction Central Library, University of Rajshahi Central Library, University of Rajshahi   23/07/1955 O.U.P. 15.00   340.56 GRJ 1936 05/09/2016 C-4 Books